Responses for Show #9179 - Thursday, October 10, 2024

Mark Fitzpatrick game 5.

Contestants

[<< previous game]

Cynthia Bullock, a nonprofit executive from Colorado Springs, Colorado

Mike Obstgarten, a test-prep coach and tutor from Henderson, Nevada

Mark Fitzpatrick, a content manager from Riverside, Connecticut (whose 4-day cash winnings total $81,600)

[next game >>]

Jeopardy! Round responses

BBL, BUSY
ANIMAL ANAGRAMS
RECEIPTS
PROOF
TIMELINE
SCREEN SHOTS
    $200 26
operating system

Mark
    $200 20
a goat

Mark
    $200 25
Costco

Cynthia
    $200 30
the Pythagorean theorem

Mike
    $200 5
Queen Elizabeth

Mark
    $200 10
Hercules

Mike
    $400 29
(Mike: [Selecting the last clue] Finish it.)

King of the Hill

Mike
    $400 12
armadillo

Mark
    $400 18
(Cynthia: What is per diem?)

an expense account

MikeCynthia
    $400 22
pendulum

Mark
    $400 4
(Thurgood) Marshall

Mark
    $400 7
Cumberbatch

Mark
    $600 28
Dance Dance Revolution

Mark
    $600 15
a hamster

Mike
    $600 19
papyrus

Triple Stumper
    $600 27
cosmic rays

Triple Stumper
    $600 3
(Mike: Who is... Truman?)
...
(Ken: Hamlin was Lincoln's first vice president; this is [*].)

Andrew Johnson

Mike
Triple Stumper
    $600 9
Meghan Markle

Triple Stumper
    $800 14
(Mark: What are oysters?)

clams

MarkMike
    $800 16
rhinoceros

Mike
    $800 21
(Mike: What is [*]'s?)

St. Jude

Mike
    $800 17
ether

Triple Stumper
    $1,000 2
(Ken: It was the Thirty Years' War.)

1648

Mark
    $800 8
Nicole Kidman

Triple Stumper
    $1000 13
Bobbi Althoff

Triple Stumper
    $1000 11
a manatee

Cynthia
    $1000 24
QuickBooks

Mike
    $1000 23
(Cynthia: What is Pythagoras?)

Fermat

MarkCynthia
    $1000 1
(Mike: What is the Trans-Siberian Railroad?)

the Long March

MarkMike
    $1000 6
The Piano

Cynthia

Scores at the first commercial break (after clue 15):

Mark Mike Cynthia
$2,600 $0 $2,000

Scores at the end of the Jeopardy! Round:

Mark Mike Cynthia
$5,000 $3,600 $800

Double Jeopardy! Round responses

AFRICAN-AMERICAN SPORTS HISTORY
WORLD LEADERS
THE VERY OLD SONG & DANCE
CAPITALS OF THE WEST INDIES
STORIES WITHIN STORIES
YOU GET AN "FF"
    $400 10
the Indy 500

Mike
    $400 26
Zelensky

Mike
    $400 1
a pas de deux

Mike
    $400 27
Kingston

Cynthia
    $400 29
Don Quixote

Mark
    $400 25
(Ken: You might kick yourselves, it's [*].)

a suffix

Triple Stumper
    $800 9
Simone Biles

Mike
    $800 19
Wales

Mike
    $800 5
"My Bonnie Lies Over The Ocean"

Triple Stumper
    $800 24
Havana

Mike
    $800 30
A Thousand and One Nights (The Arabian Nights)

Cynthia
    $800 20
effigy

Mark
    $1200 4
Althea Gibson

Cynthia
    $1200 14
(Ken: Who is [*] in India?)

Modi

Triple Stumper
    $1200 6
"My Old Kentucky Home"

Cynthia
    $1200 17
Sweden

Mark
    $1200 21
(Mike: Who is... Ahab?)

Ishmael

Mike
Triple Stumper
    $1200 11
a buffer

Mike
    $1600 3
Josh Gibson

Mike
    $1600 8
Bhutan

Mike
    $1600 7
polka

Mark
    $1600 18
Charlotte Amalie

Triple Stumper
    $3,000 22
The Brothers Karamazov

Mark
    $1600 12
(Mike: What's diffraction?)

diffusion

Mike
Triple Stumper
    $2000 2
(Mark: Who is Brown?)

Art Shell

MarkMike
    $6,600 15
(Ken: That is correct, president of Turkey.)

Erdoğan

Mark
    $2000 28
Charlie Parker

Triple Stumper
    $2000 16
Port-au-Prince

Mike
    $2000 23
the Jacobean Era

Triple Stumper
    $2000 13
Hasenpfeffer

Mark

Scores at the end of the Double Jeopardy! Round:

Mark Mike Cynthia
$18,600 $12,800 $4,400

[wagering suggestions for these scores]

Final Jeopardy! Round responses

MOVIES
(Ken: [To Mike] 25 [*]'s cast members later appeared on The Sopranos, from Lorraine Bracco and Michael Imperioli on down.)
CynthiaWhat is Star Trek? Hi Kyle & Kelly
$3,000
MikeWhat is Goodfellas?
$0
MarkWhat is Goodfellas
$7,001
Goodfellas

Final scores:

Mark Mike Cynthia
$25,601 $12,800 $1,400
5-day champion: $107,201 2nd place: $3,000 3rd place: $2,000

Game dynamics:

Coryat scores:

Mark Mike Cynthia
$12,400 $12,800 $4,400
18 R
(including 3 DDs),
2 W
20 R,
4 W
7 R,
2 W

Combined Coryat: $29,600

[game clues] [game scores] [suggest correction]

Game tape date: 2024-06-05
The J! Archive is created by fans, for fans. Scraping, republication, monetization, and malicious use prohibited; this site may use cookies and collect identifying information. See terms. The Jeopardy! game show and all elements thereof, including but not limited to copyright and trademark thereto, are the property of Jeopardy Productions, Inc. and are protected under law. This website is not affiliated with, sponsored by, or operated by Jeopardy Productions, Inc. Join the discussion at JBoard.tv.